History Quiz

Random History or Biography Quiz

TIME Cover Stories: US Historical Figures Quiz Stats

 Plays Quiz Updated Nov 16, 2017

Challenge
Share
Tweet
Embed
Score 0/20 Timer 06:00
0 Plays Today
% Correct
Barack Obama
97.5%
Hillary Rodham Clinton
94.9%
Bill Gates
93%
Abraham Lincoln
90.8%
Mark Zuckerberg
89.6%
Richard M. Nixon
88.8%
Thomas Jefferson
88.8%
Orville Wright
88.5%
John Glenn
87%
Condoleezza Rice
84.1%
% Correct
Douglas MacArthur
83%
Franklin D. Roosevelt
82.8%
Lyndon B. Johnson
79.8%
Sandra Day O'Connor
77.8%
Walt Disney
77.3%
Patricia Hearst
76.9%
Fiorello La Guardia
76.4%
Janet Yellen
71.4%
J. Edgar Hoover
70.9%
Madeleine Albright
62.1%

You're not logged in!

Compare scores with friends on all Sporcle quizzes.
OR
Log In

You Might Also Like...

Show Comments

Extras

Top Quizzes Today


Score Distribution

Your Account Isn't Verified!

In order to create a playlist on Sporcle, you need to verify the email address you used during registration. Go to your Sporcle Settings to finish the process.

Report this User

Report this user for behavior that violates our Community Guidelines.

Details: